[Event "11th Arad Open 2018"]
[Site "Arad"]
[Date "2018.08.10"]
[Round "7"]
[White "Macovei, Andrei"]
[Black "Tarlev, Konstantin"]
[Result "1/2-1/2"]
[WhiteElo "2394"]
[BlackElo "2561"]
[Annotator "TA"]
[PlyCount "130"]
[EventDate "2018.08.05"]
[EventType "swiss"]
[EventCountry "ROU"]
[SourceTitle "playchess.com"]
[Source "ChessBase"]
[SourceQuality "1"]

{[%evp 17,130,0,0,-23,-23,-33,-25,-35,-14,-27,-15,-26,42,-25,-26,-34,-20,-44,-33,-54,-52,-70,-68,-105,-91,-84,-91,-86,-82,-63,-48,-47,-48,-50,-50,-52,-50,-50,-57,-50,-50,-50,-50,-59,-57,-124,-116,-114,-125,-104,-120,-118,-124,-116,-116,-106,-102,-243,-250,-257,-257,-259,-259,-252,-250,-245,-201,-187,-198,-337,-308,-283,-259,-636,-695,-560,-468,-783,-764,-770,-580,-1066,-824,-7104,-6881,-5077,-3139,-29952,0,0,0,0,0,0,0,0,0,0,0,0,0,0,0,0,0,0,0,0,0,0,0,0,0,0,0]} 1. e4 e6 2. d4 d5 3. Nc3 Bb4 4. e5 Ne7 5. a3 Bxc3+ 6. bxc3 b6 7. h4 Ba6 {C16: Französische Verteidigung (Nimzowitsch-Variante)} 8. Bxa6 Nxa6 9. h5 (9. Qg4 Nf5 10. h5 Qd7 11. a4 c5 12. Ne2 h6 13. Ng3 O-O 14. Qe2 Nc7 15. Nf1 {1-0 (46) Kosteniuk,A (2552)-Chigaev,M (2566) Cheliabinsk 2017}) 9... h6 $1 {LiveBook: 18 Partien} 10. Qd3 Nb8 11. Nf3 Nbc6 12. O-O Qd7 13. a4 $146 ({Vorgänger:} 13. c4 O-O-O 14. c5 Na5 15. Qa6+ {½-½ (51) Simmons,J-Campbell,I corr 2001}) 13... Na5 14. Nd2 g6 (14... O-O $11) 15. Ba3 (15. hxg6 $14 Nxg6 16. Ba3) 15... gxh5 $11 16. Bb4 Nec6 17. Qh3 O-O-O 18. Qxh5 Rdg8 19. Bxa5 Nxa5 20. Nf3 Rg7 21. g3 Qc6 22. Ra3 Qe8 23. Kg2 f5 {[%cal Bf7f5,Bf5f4,Bf4f3][%mdl 32]} 24. Qxe8+ Rxe8 25. Rh1 Nc4 26. Raa1 f4 $1 27. g4 Rxg4+ 28. Kf1 Rh8 $36 {[%mdl 2048] Schwarz hat Initiative.} 29. Rh5 a5 30. Ke2 Kd7 31. Nd2 {[#]} ({Lieber} 31. Kd3 $15) 31... f3+ $1 $17 {[%mdl 512]} 32. Kxf3 {Droht Sxc4 und aus.} (32. Nxf3 Re4+) 32... Rg5 33. Rxg5 Nxd2+ ({Natürlich nicht} 33... hxg5 $6 34. Nxc4 dxc4 35. Kg4 $11) 34. Ke2 hxg5 35. Kxd2 {[%mdl 4096] Endspiel KT-KT} Rh2 $1 36. Ke2 Rh3 37. Rg1 (37. f3 $17 {war nötig.}) 37... Rxc3 $19 38. Kd2 Rc4 39. Kd3 c5 ({Viel schwächer ist} 39... Rxa4 40. Rxg5 Ra1 41. Rg8 $17) 40. dxc5 bxc5 41. Rxg5 Rd4+ ({Auf keinen Fall} 41... Rxa4 42. Rg7+ Ke8 43. Rc7 $17) 42. Kc3 Rxa4 43. Rg7+ (43. Rg8 {ist eine bessere Verteidigung.}) 43... Kc6 44. Ra7 {[#]} d4+ $1 45. Kb3 $2 (45. Kb2) 45... Rb4+ 46. Ka3 Rb1 47. Ra6+ (47. Ka2 $142 Rf1 48. c4) 47... Kd5 48. f4 Rf1 49. Rd6+ Kc4 50. Rxe6 Kc3 {[%cal Rf1a1]} 51. Ka4 Rxf4 52. Kxa5 {[#]} c4 $2 (52... Re4 $1 {setzt Matt} 53. Kb5 c4 54. Re7 d3 55. cxd3 cxd3 56. Rc7+ Kb3 57. Rd7 Rxe5+ 58. Kc6 Kc4 59. Rd6 Rc5+ 60. Kb7 Rd5 61. Rc6+ Kb3 62. Rb6+ Kc4 63. Rc6+ Kb5 64. Rc1 Rd7+ 65. Kb8 d2 66. Rd1 Kc4 67. Kc8 Rd3 68. Kb7 Kb3 69. Ka7 Kc2 70. Rf1 Rb3 71. Rh1 d1=Q 72. Rxd1 Kxd1 73. Ka6 Kd2 74. Ka5 Kc3 75. Ka6 Rb4 76. Ka7 Kc4 77. Ka8 Kd5 78. Ka7 Kc6 79. Ka8 Kc7 80. Ka7 Ra4#) 53. Rc6 $11 {Die Stellung ist ausgeglichen.} Rf5 (53... Re4 $5 54. e6 $8 Kxc2 55. Rxc4+ Kb3 $11) 54. Rc5 Kxc2 {...c3 ist eine echte Drohung.} 55. Rxc4+ Kd3 56. Rc5 Ke4 57. Kb4 Rxe5 58. Rc1 Kd5 (58... d3 $5 59. Re1+ $8 Kf5 60. Rxe5+ Kxe5 $11) 59. Rc5+ Kd6 (59... Ke6 {feels hotter.} 60. Rc8 Re3 61. Rc5 Re5) 60. Rc8 Re3 61. Rc5 Re5 62. Rc8 Re3 63. Rc5 Re1 64. Rh5 Re5 65. Rh8 Re6 {Precision: Weiß = 53%, Schwarz = 68%.} 1/2-1/2

[Event "11th Arad Open 2018"]
[Site "Arad"]
[Date "2018.08.10"]
[Round "7"]
[White "Soltanici, Ruslan"]
[Black "Swayams, Mishra"]
[Result "1/2-1/2"]
[WhiteElo "2383"]
[BlackElo "2467"]
[Annotator "TA"]
[PlyCount "74"]
[EventDate "2018.08.05"]
[EventType "swiss"]
[EventCountry "ROU"]
[SourceTitle "playchess.com"]
[Source "ChessBase"]
[SourceQuality "1"]

{[%evp 22,74,5,8,7,6,5,8,0,0,0,0,0,0,0,0,7,12,5,-9,0,-9,-9,-9,-9,-9,-9,-10,-10,-27,-27,-27,-27,-27,-9,-10,-9,-9,-8,-20,0,0,0,0,0,0,0,0,0,0,0,0,0,0,0]} 1. e4 e6 2. d4 d5 3. Nd2 Nf6 4. e5 Nfd7 5. Bd3 c5 6. c3 Nc6 7. Ngf3 Be7 8. O-O O-O 9. Re1 f5 10. exf6 Nxf6 11. dxc5 {C06: Französische Verteidigung (Tarrasch-Variante)} (11. b3 cxd4 12. cxd4 Qb6 13. Bb2 Bd7 14. Rc1 Rae8 15. a3 a5 16. Nf1 g6 17. Ne3 Bd6 18. Ne5 Bc8 {½-½ (42) Xiong,J (2588)-Sadorra,J (2514) Dallas 2016}) 11... Bxc5 12. Nb3 {LiveBook: 3 Partien} Bxf2+ 13. Kxf2 {[#] Droht stark Kg1.} Qb6+ $1 14. Nbd4 {Kg1 ist eine echte Drohung.} e5 $1 15. Qb3 $146 {zielt auf Dxb6 ab.} ({Vorgänger:} 15. Kg1 exd4 16. Nxd4 Nxd4 17. Be3 Qxb2 18. Bxd4 Bg4 {½-½ (81) Otte,M (2213)-Van Osch,M (2288) Hoogeveen 2016}) 15... exd4 16. Qxb6 axb6 17. Nxd4 Nxd4 18. cxd4 Ra4 19. Kg1 Rxd4 20. Bf1 Bd7 21. a3 Re4 22. Rxe4 Nxe4 23. Be3 b5 24. Bd3 Bc6 25. Bxe4 dxe4 $11 {[%mdl 4096] Endspiel KTL-KTL} 26. Rd1 Rf5 27. Rd2 Bd5 28. g4 {Die Stellung ist ausgeglichen.} Re5 29. Bf4 e3 30. Bxe3 $1 Rxe3 31. Rxd5 {KT-KT} Rb3 32. Rd7 b6 33. Rb7 Rxb2 34. Rxb6 Kf7 35. a4 b4 36. a5 b3 37. a6 Ra2 {Precision: Weiß = 81%, Schwarz = 78%.} 1/2-1/2

[Event "11th Arad Open 2018"]
[Site "Arad"]
[Date "2018.08.10"]
[Round "7"]
[White "Peptan, Corina-Isabela"]
[Black "Stanca, Adrian"]
[Result "1-0"]
[WhiteElo "2380"]
[BlackElo "2208"]
[Annotator "NA"]
[PlyCount "55"]
[EventDate "2018.08.05"]
[EventType "swiss"]
[EventCountry "ROU"]
[SourceTitle "playchess.com"]
[Source "ChessBase"]
[SourceQuality "1"]
[TimeControl "40/5400+30:1800+30"]

1. d4 {[%emt 0:00:00]} d5 {[%emt 0:00:30]} 2. c4 {[%emt 0:00:00]} dxc4 {[%emt 0:01:15]} 3. e3 {[%emt 0:00:16]} Nf6 {[%emt 0:00:21]} 4. Bxc4 {[%emt 0:00:11]} e6 {[%emt 0:00:17]} 5. Nf3 {[%emt 0:00:19]} Nbd7 {[%emt 0:01:17]} 6. O-O {[%emt 0:00:52]} a6 {[%emt 0:00:22]} 7. Nbd2 {[%emt 0:01:45]} b5 {[%emt 0:01:35]} 8. Be2 {[%emt 0:00:18]} Bb7 {[%emt 0:02:28]} 9. a4 {[%emt 0:00:25]} c6 {[%emt 0:15:06]} 10. e4 {[%emt 0:04:12]} Be7 {[%emt 0:01:08]} 11. e5 {[%emt 0:05:30]} Nd5 {[%emt 0:03:32]} 12. Ne4 {[%emt 0:00:05]} h6 {[%emt 0:00:28]} 13. Bd2 {[%emt 0:11:48]} O-O {[%emt 0:05:48]} 14. Qc2 {[%emt 0:08:13]} b4 {[%emt 0:25:42]} 15. a5 {[%emt 0:09:22]} c5 {[%emt 0:00:20]} 16. Nxc5 {[%emt 0:00:08]} Nxc5 {[%emt 0:00:51]} 17. dxc5 {[%emt 0:00:02]} Qc7 {[%emt 0:01:21]} 18. Rfc1 {[%emt 0:03:27]} Rfc8 {[%emt 0:00:44]} 19. Qc4 {[%emt 0:01:59]} Bxc5 {[%emt 0:04:50]} 20. Qg4 {[%emt 0:00:52]} Kf8 {[%emt 0:01:04]} 21. Bc4 {[%emt 0:05:02]} Qe7 {[%emt 0:12:45]} 22. Ne1 {[%emt 0:17:25]} f5 {[%emt 0:07:55]} 23. Qe2 {[%emt 0:04:29]} Qh4 {[%emt 0:04:42]} 24. Nd3 {[%emt 0:01:08]} Be7 {[%emt 0:00:28]} 25. Bxd5 {[%emt 0:00:58]} exd5 {[%emt 0:01:33]} 26. Nf4 {[%emt 0:01:02]} Ke8 {[%emt 0:02:19]} 27. g3 {[%emt 0:04:07]} Qg4 {[%emt 0:01:00]} 28. f3 {[%emt 0:02:07]} 1-0

[Event "11th Arad Open 2018"]
[Site "Arad"]
[Date "2018.08.10"]
[Round "7"]
[White "Farkas, Gabor"]
[Black "Sanduleac, Vasile"]
[Result "0-1"]
[WhiteElo "2366"]
[BlackElo "2420"]
[Annotator "TA"]
[PlyCount "70"]
[EventDate "2018.08.05"]
[EventType "swiss"]
[EventCountry "ROU"]
[SourceTitle "playchess.com"]
[Source "ChessBase"]
[SourceQuality "1"]

{[%evp 11,70,39,44,17,29,-10,0,-20,-31,-72,-69,-71,-85,-72,-61,-96,-112,-84,-27,-112,-87,-220,-68,-110,-75,-79,-77,-174,-191,-223,-216,-291,-258,-333,-331,-340,-338,-462,-466,-573,-573,-574,-564,-566,-572,-573,-558,-558,-550,-545,-385,-707,-693,-647,-637,-714,-654,-715,-714,-714,-658]} 1. e4 g6 2. d4 Bg7 3. c4 d6 4. Nc3 Nc6 5. Be3 Nf6 6. Be2 {A42: Modern Defence: Averbakh Variation} e5 {LiveBook: 3 Games} 7. d5 Nd4 $1 8. f3 $146 {White has an edge.} ({Predecessor:} 8. Bxd4 exd4 9. Qxd4 O-O 10. Qd3 Re8 11. Qc2 c6 12. Nf3 Nxe4 13. Nxe4 Bf5 {0-1 (28) Rapport,J (2341)-Lu,S (2627) Danzhou 2016}) 8... c5 (8... Nh5 {is more complex.} 9. Bd3 Nf4 10. Qd2 Nxd3+ 11. Qxd3 c5) 9. dxc6 (9. Bd3 {looks sharper.} Nh5 10. Qd2 Qh4+ 11. Bf2 Qf4 12. Be3) 9... bxc6 10. Bxd4 exd4 11. Qxd4 O-O 12. Qd2 Rb8 {[%mdl 1024] Black has strong compensation.} 13. Rd1 Nh5 14. g3 Qa5 (14... f5 $17 {...f4 is the strong threat.} 15. exf5 Bxf5) 15. Kf1 (15. Rc1 $1 $11 {keeps the balance.}) 15... Be6 $36 {[%mdl 2048] Black is in control.} 16. g4 {[#]} (16. Kg2 $17 {keeps fighting.}) 16... Nf6 $2 (16... Nf4 $1 $19 {[%mdl 512] Strongly threatening ...Be5.} 17. Qxf4 Rxb2) 17. Kg2 Nd7 18. Rc1 Nc5 {Threatens to win with ...Na4.} 19. Qc2 (19. b3 $17) 19... Bxc3 $19 20. Qxc3 Qxc3 ({Much less strong is} 20... Qxa2 21. b4 $17) 21. Rxc3 Rxb2 22. Kf2 {[#]} Bxg4 $1 {[%mdl 512]} 23. Ra3 (23. fxg4 Nxe4+) 23... Be6 24. Ke3 f5 25. Nh3 fxe4 26. Ng5 exf3 27. Bxf3 Bxc4 28. Rd1 h6 29. Rxd6 hxg5 30. Rxg6+ Kh7 31. Rxg5 $2 (31. Rd6) 31... Re8+ {Black is clearly winning.} 32. Kd4 Ne6+ 33. Kc3 Nxg5 34. Kxb2 Nxf3 35. Rxf3 Re2+ {Precision: White = 17%, Black = 68%.} 0-1

[Event "11th Arad Open 2018"]
[Site "Arad"]
[Date "2018.08.10"]
[Round "7"]
[White "Dobre, Claudiu-Cristian"]
[Black "Ghimpu, Samuel-Timotei"]
[Result "1/2-1/2"]
[WhiteElo "2356"]
[BlackElo "2184"]
[Annotator "NA"]
[PlyCount "97"]
[EventDate "2018.08.05"]
[EventType "swiss"]
[EventCountry "ROU"]
[SourceTitle "playchess.com"]
[Source "ChessBase"]
[SourceQuality "1"]
[TimeControl "40/5400+30:1800+30"]

1. c4 {[%emt 0:00:00]} Nf6 {[%emt 0:00:21]} 2. Nc3 {[%emt 0:00:00]} c5 {[%emt 0:00:31]} 3. Nf3 {[%emt 0:00:00]} g6 {[%emt 0:00:24]} 4. e4 {[%emt 0:00:03]} Bg7 {[%emt 0:02:49]} 5. d4 {[%emt 0:00:48]} cxd4 {[%emt 0:00:14]} 6. Nxd4 {[%emt 0:00:13]} d6 {[%emt 0:00:43]} 7. Be2 {[%emt 0:00:21]} O-O {[%emt 0:00:41]} 8. Be3 {[%emt 0:01:06]} Nc6 {[%emt 0:00:57]} 9. O-O {[%emt 0:00:37]} Bd7 {[%emt 0:01:29]} 10. Qd2 {[%emt 0:00:59]} Nxd4 {[%emt 0:02:00]} 11. Bxd4 {[%emt 0:00:12]} Bc6 {[%emt 0:00:49]} 12. f3 {[%emt 0:00:51]} a5 {[%emt 0:00:11]} 13. b3 {[%emt 0:26:06]} Nd7 {[%emt 0:00:23]} 14. Be3 {[%emt 0:00:14]} Nc5 {[%emt 0:00:52]} 15. Rac1 {[%emt 0:00:45]} Be5 {[%emt 0:07:03]} 16. Bg5 {[%emt 0:15:40]} Qb6 {[%emt 0:12:42]} 17. Kh1 {[%emt 0:01:02]} Rfe8 {[%emt 0:06:14]} 18. Nd5 {[%emt 0:04:10]} Qd8 {[%emt 0:17:01]} 19. Qc2 {[%emt 0:17:33]} Ne6 {[%emt 0:04:12]} 20. Bd2 {[%emt 0:03:36]} Nc5 {[%emt 0:06:44]} 21. f4 {[%emt 0:02:36]} Bd4 {[%emt 0:00:36]} 22. Bf3 {[%emt 0:00:49]} e6 {[%emt 0:01:12]} 23. Nc3 {[%emt 0:00:36]} e5 {[%emt 0:03:09]} 24. Ne2 {[%emt 0:01:58]} Qf6 {[%emt 0:01:34]} 25. Rcd1 {[%emt 0:06:21]} Re7 {[%emt 0:05:02]} 26. Bc1 {[%emt 0:00:57]} Rae8 {[%emt 0:01:53]} 27. Qb1 {[%emt 0:08:21]} Nd7 {[%emt 0:05:53]} 28. f5 {[%emt 0:04:47]} Nc5 {[%emt 0:06:35]} 29. Ng3 {[%emt 0:01:40]} b5 {[%emt 0:00:09]} 30. cxb5 {[%emt 0:00:29]} Bxb5 {[%emt 0:00:16]} 31. Be2 {[%emt 0:00:04]} Bxe2 {[%emt 0:03:13]} 32. Nxe2 {[%emt 0:00:05]} Qh4 {[%emt 0:00:05]} 33. Nxd4 {[%emt 0:02:39]} exd4 {[%emt 0:00:01]} 34. Rxd4 {[%emt 0:00:29]} Rxe4 {[%emt 0:07:59]} 35. Rxe4 {[%emt 0:00:21]} Qxe4 {[%emt 0:00:02]} 36. fxg6 {[%emt 0:00:40]} hxg6 {[%emt 0:00:21]} 37. Qxe4 {[%emt 0:00:24]} Rxe4 {[%emt 0:00:05]} 38. Bd2 {[%emt 0:00:35]} Re2 {[%emt 0:00:17]} 39. Bxa5 {[%emt 0:00:10]} Rxa2 {[%emt 0:00:06]} 40. Bc7 {[%emt 0:00:00]} d5 {[%emt 0:00:00]} 41. b4 {[%emt 0:22:19]} Na6 {[%emt 0:20:27]} 42. Bd6 {[%emt 0:00:16]} Rb2 {[%emt 0:00:34]} 43. h4 {[%emt 0:02:30]} Nxb4 {[%emt 0:01:28]} 44. Rd1 {[%emt 0:00:33]} f6 {[%emt 0:01:13]} 45. Rd4 Nc6 46. Rd1 Nb4 47. Rd4 Nc2 48. Rxd5 Nb4 49. Rd1 1/2-1/2

[Event "11th Arad Open 2018"]
[Site "Arad"]
[Date "2018.08.10"]
[Round "7"]
[White "Toma, Radu-Cristian"]
[Black "Lupu, Ovidiu-Jean"]
[Result "1-0"]
[WhiteElo "2354"]
[BlackElo "2157"]
[Annotator "NA"]
[PlyCount "85"]
[EventDate "2018.08.05"]
[EventType "swiss"]
[EventCountry "ROU"]
[SourceTitle "playchess.com"]
[Source "ChessBase"]
[SourceQuality "1"]
[TimeControl "40/5400+30:1800+30"]

1. Nf3 {[%emt 0:09:47]} b6 {[%emt 0:00:47]} 2. g3 {[%emt 0:04:20]} Bb7 {[%emt 0:00:16]} 3. Bg2 {[%emt 0:00:06]} d6 {[%emt 0:00:19]} 4. O-O {[%emt 0:01:09]} Nd7 {[%emt 0:00:53]} 5. b4 {[%emt 0:08:16]} a5 {[%emt 0:04:33]} 6. b5 {[%emt 0:00:40]} Ngf6 {[%emt 0:00:39]} 7. Bb2 {[%emt 0:08:28]} g6 {[%emt 0:02:11]} 8. Nd4 {[%emt 0:03:01]} Bxg2 {[%emt 0:02:18]} 9. Kxg2 {[%emt 0:00:08]} Nb8 {[%emt 0:00:29]} 10. e4 {[%emt 0:08:43]} e5 {[%emt 0:00:48]} 11. Nc6 {[%emt 0:08:37]} Nxc6 {[%emt 0:02:53]} 12. bxc6 {[%emt 0:01:00]} Bg7 {[%emt 0:00:15]} 13. d4 {[%emt 0:06:44]} exd4 {[%emt 0:00:53]} 14. Bxd4 {[%emt 0:00:44]} O-O {[%emt 0:00:07]} 15. Nc3 {[%emt 0:00:28]} Qe8 {[%emt 0:00:26]} 16. Qf3 {[%emt 0:03:10]} Qe6 {[%emt 0:04:11]} 17. Nd5 {[%emt 0:02:47]} Nxd5 {[%emt 0:01:06]} 18. exd5 {[%emt 0:00:26]} Qf5 {[%emt 0:00:09]} 19. Qxf5 {[%emt 0:03:54]} gxf5 {[%emt 0:00:25]} 20. Bxg7 {[%emt 0:00:15]} Kxg7 {[%emt 0:00:01]} 21. a4 {[%emt 0:00:21]} Rae8 {[%emt 0:00:12]} 22. Rfe1 {[%emt 0:01:54]} Kf6 {[%emt 0:01:13]} 23. Kf3 {[%emt 0:11:45]} Re5 {[%emt 0:05:53]} 24. Rxe5 {[%emt 0:00:08]} dxe5 {[%emt 0:00:48]} 25. Re1 {[%emt 0:02:02]} Rd8 {[%emt 0:01:22]} 26. c4 {[%emt 0:00:19]} Rg8 {[%emt 0:00:11]} 27. h3 {[%emt 0:00:08]} h5 {[%emt 0:04:04]} 28. Re2 {[%emt 0:02:01]} Rh8 {[%emt 0:02:26]} 29. c5 {[%emt 0:07:57]} bxc5 {[%emt 0:00:09]} 30. Rc2 {[%emt 0:00:09]} Ke7 {[%emt 0:00:21]} 31. Rxc5 {[%emt 0:00:20]} Ra8 {[%emt 0:00:34]} 32. Rb5 {[%emt 0:01:28]} Kd6 {[%emt 0:00:07]} 33. h4 {[%emt 0:02:41]} Rg8 {[%emt 0:01:13]} 34. Rxa5 {[%emt 0:00:40]} Rg4 {[%emt 0:00:05]} 35. Ra8 {[%emt 0:00:53]} Kxd5 {[%emt 0:00:11]} 36. Rh8 {[%emt 0:01:11]} Rxa4 {[%emt 0:00:06]} 37. Rxh5 {[%emt 0:00:03]} Ra3+ {[%emt 0:00:17]} 38. Kg2 {[%emt 0:00:37]} Ke6 {[%emt 0:00:56]} 39. Rh6+ {[%emt 0:00:06]} Ke7 {[%emt 0:00:13]} 40. Rh5 {[%emt 0:00:00]} Kf6 {[%emt 0:00:00]} 41. Rh8 {[%emt 0:17:10]} Rc3 {[%emt 0:15:44]} 42. h5 {[%emt 0:00:28]} Kg7 43. Re8 1-0

[Event "11th Arad Open 2018"]
[Site "Arad"]
[Date "2018.08.10"]
[Round "7"]
[White "Posedaru, Bogdan"]
[Black "Ursan, Petru-Sebastian"]
[Result "1-0"]
[WhiteElo "2326"]
[BlackElo "2147"]
[Annotator "NA"]
[PlyCount "77"]
[EventDate "2018.08.05"]
[EventType "swiss"]
[EventCountry "ROU"]
[SourceTitle "playchess.com"]
[Source "ChessBase"]
[SourceQuality "1"]
[TimeControl "40/5400+30:1800+30"]

1. d4 {[%emt 0:00:00]} g6 {[%emt 0:00:00]} 2. e4 {[%emt 0:00:00]} Bg7 {[%emt 0:00:00]} 3. Nf3 {[%emt 0:00:00]} d6 {[%emt 0:00:24]} 4. Nc3 {[%emt 0:00:00]} a6 {[%emt 0:00:57]} 5. a4 {[%emt 0:00:11]} Nf6 {[%emt 0:00:37]} 6. Be2 {[%emt 0:00:08]} O-O {[%emt 0:00:12]} 7. O-O {[%emt 0:00:06]} e5 {[%emt 0:11:12]} 8. dxe5 {[%emt 0:01:11]} dxe5 {[%emt 0:01:13]} 9. Bg5 {[%emt 0:21:33]} Nbd7 {[%emt 0:08:31]} 10. Qd2 {[%emt 0:03:40]} c6 {[%emt 0:03:27]} 11. a5 {[%emt 0:13:18]} Nc5 {[%emt 0:15:23]} 12. Qe3 {[%emt 0:03:20]} Qe7 {[%emt 0:00:56]} 13. h3 {[%emt 0:03:17]} Ne6 {[%emt 0:08:34]} 14. Bh4 {[%emt 0:00:37]} Qc5 {[%emt 0:01:25]} 15. Qxc5 {[%emt 0:07:40]} Nxc5 {[%emt 0:01:56]} 16. Nd2 {[%emt 0:00:04]} Ne6 {[%emt 0:08:15]} 17. Na4 {[%emt 0:05:20]} Nd4 {[%emt 0:02:24]} 18. Bd3 {[%emt 0:00:08]} Be6 {[%emt 0:02:34]} 19. Rfd1 {[%emt 0:00:50]} h6 {[%emt 0:04:34]} 20. Nc5 {[%emt 0:02:19]} g5 {[%emt 0:01:54]} 21. Bg3 {[%emt 0:00:14]} Nd7 {[%emt 0:01:47]} 22. Nxd7 {[%emt 0:08:58]} Bxd7 {[%emt 0:00:06]} 23. Nc4 {[%emt 0:02:59]} Rfe8 {[%emt 0:03:07]} 24. Nd6 {[%emt 0:02:54]} Re7 {[%emt 0:01:12]} 25. Nxb7 {[%emt 0:00:44]} Bxh3 {[%emt 0:00:11]} 26. Nc5 {[%emt 0:00:20]} Bc8 {[%emt 0:00:07]} 27. c3 {[%emt 0:01:48]} Ne6 {[%emt 0:00:19]} 28. Na4 {[%emt 0:00:03]} Rb8 {[%emt 0:05:14]} 29. Bc4 {[%emt 0:00:45]} Rd7 {[%emt 0:00:46]} 30. Rxd7 {[%emt 0:03:00]} Bxd7 {[%emt 0:00:07]} 31. Bxa6 {[%emt 0:00:48]} Ra8 {[%emt 0:03:47]} 32. Nb6 {[%emt 0:00:38]} Rxa6 {[%emt 0:00:29]} 33. Nxd7 {[%emt 0:00:04]} Ra7 {[%emt 0:00:22]} 34. Nxe5 {[%emt 0:00:29]} Nc5 {[%emt 0:01:09]} 35. Nxc6 {[%emt 0:00:18]} Ra6 {[%emt 0:00:14]} 36. Nb4 {[%emt 0:01:31]} Ra8 {[%emt 0:00:43]} 37. f3 {[%emt 0:01:01]} Nb3 {[%emt 0:00:39]} 38. Ra3 {[%emt 0:00:04]} Nxa5 {[%emt 0:00:10]} 39. Bc7 {[%emt 0:00:20]} 1-0

[Event "11th Arad Open 2018"]
[Site "Arad"]
[Date "2018.08.10"]
[Round "7"]
[White "Banzea, Alexandru-Bogdan"]
[Black "Secheres, Adrian-Simion"]
[Result "1/2-1/2"]
[WhiteElo "2313"]
[BlackElo "2407"]
[Annotator "NA"]
[PlyCount "26"]
[EventDate "2018.08.05"]
[EventType "swiss"]
[EventCountry "ROU"]
[SourceTitle "playchess.com"]
[Source "ChessBase"]
[SourceQuality "1"]
[TimeControl "40/5400+30:1800+30"]

1. e4 {[%emt 0:00:00]} c5 {[%emt 0:00:00]} 2. Nf3 {[%emt 0:00:00]} Nc6 {[%emt 0:00:25]} 3. Bb5 {[%emt 0:00:11]} g6 {[%emt 0:00:33]} 4. Bxc6 {[%emt 0:00:17]} bxc6 {[%emt 0:00:15]} 5. O-O {[%emt 0:00:09]} Bg7 {[%emt 0:00:08]} 6. Re1 {[%emt 0:00:04]} Nh6 {[%emt 0:00:45]} 7. c3 {[%emt 0:00:15]} O-O {[%emt 0:00:14]} 8. d4 {[%emt 0:00:12]} cxd4 {[%emt 0:00:10]} 9. cxd4 {[%emt 0:00:04]} d5 {[%emt 0:00:13]} 10. e5 {[%emt 0:00:08]} f6 {[%emt 0:00:22]} 11. e6 {[%emt 0:00:36]} Nf5 {[%emt 0:14:09]} 12. Bf4 {[%emt 0:10:30]} Nd6 {[%emt 0:15:32]} 13. Nc3 {[%emt 0:10:31]} Ne4 {[%emt 0:14:33]} 1/2-1/2

[Event "11th Arad Open 2018"]
[Site "Arad"]
[Date "2018.08.10"]
[Round "7"]
[White "Vasiesiu, Victor"]
[Black "Zaim, Marian"]
[Result "1-0"]
[WhiteElo "2297"]
[BlackElo "2084"]
[Annotator "NA"]
[PlyCount "97"]
[EventDate "2018.08.05"]
[EventType "swiss"]
[EventCountry "ROU"]
[SourceTitle "playchess.com"]
[Source "ChessBase"]
[SourceQuality "1"]
[TimeControl "40/5400+30:1800+30"]

1. e4 {[%emt 0:00:00]} c5 {[%emt 0:00:00]} 2. Nf3 {[%emt 0:00:00]} Nc6 {[%emt 0:00:00]} 3. Bb5 {[%emt 0:00:06]} g6 {[%emt 0:01:52]} 4. Bxc6 {[%emt 0:00:08]} bxc6 {[%emt 0:00:58]} 5. O-O {[%emt 0:00:14]} d6 {[%emt 0:03:08]} 6. d4 {[%emt 0:05:03]} cxd4 {[%emt 0:06:56]} 7. Qxd4 {[%emt 0:00:06]} e5 {[%emt 0:01:18]} 8. Qd3 {[%emt 0:11:26]} Be7 {[%emt 0:10:38]} 9. Rd1 {[%emt 0:01:26]} Qc7 {[%emt 0:05:55]} 10. c4 {[%emt 0:12:22]} Kf8 {[%emt 0:07:01]} 11. b3 {[%emt 0:10:11]} Kg7 {[%emt 0:05:41]} 12. Bb2 {[%emt 0:03:22]} f6 {[%emt 0:02:06]} 13. Ba3 {[%emt 0:02:42]} c5 {[%emt 0:04:02]} 14. Nc3 {[%emt 0:00:18]} Bb7 {[%emt 0:06:33]} 15. Ne1 {[%emt 0:08:36]} Nh6 {[%emt 0:00:58]} 16. Nc2 {[%emt 0:00:08]} Nf7 {[%emt 0:00:54]} 17. Ne3 {[%emt 0:00:24]} Rhe8 {[%emt 0:08:15]} 18. Ncd5 {[%emt 0:01:18]} Qc8 {[%emt 0:03:21]} 19. f3 {[%emt 0:04:13]} Bf8 {[%emt 0:03:12]} 20. Bb2 {[%emt 0:04:03]} Bc6 {[%emt 0:01:51]} 21. Rf1 {[%emt 0:02:49]} Be7 {[%emt 0:05:48]} 22. f4 {[%emt 0:01:18]} Bd8 {[%emt 0:00:21]} 23. f5 {[%emt 0:04:21]} g5 {[%emt 0:01:41]} 24. Qe2 {[%emt 0:01:23]} Qd7 {[%emt 0:06:01]} 25. Rad1 {[%emt 0:00:55]} Nh6 {[%emt 0:02:46]} 26. h4 {[%emt 0:02:25]} gxh4 {[%emt 0:01:36]} 27. Qh5 {[%emt 0:00:32]} Nf7 {[%emt 0:01:06]} 28. Ng4 {[%emt 0:01:47]} Bxd5 {[%emt 0:01:14]} 29. Rxd5 {[%emt 0:00:27]} Rf8 {[%emt 0:03:05]} 30. Bc1 {[%emt 0:01:53]} Kh8 {[%emt 0:00:58]} 31. Qxh4 {[%emt 0:02:10]} Qe7 {[%emt 0:00:09]} 32. Rf3 {[%emt 0:03:33]} Rg8 {[%emt 0:00:23]} 33. Rh3 {[%emt 0:01:50]} Rg7 {[%emt 0:00:28]} 34. Bh6 {[%emt 0:00:58]} Nxh6 {[%emt 0:00:47]} 35. Nxh6 {[%emt 0:00:15]} Ba5 {[%emt 0:01:19]} 36. Qh5 {[%emt 0:05:32]} Rf8 {[%emt 0:00:44]} 37. Qd1 {[%emt 0:03:22]} Bc7 {[%emt 0:00:46]} 38. Rdd3 {[%emt 0:01:53]} Bb8 {[%emt 0:01:51]} 39. Rdg3 {[%emt 0:00:49]} Qb7 {[%emt 0:02:03]} 40. Rxg7 {[%emt 0:00:00]} Qxg7 {[%emt 0:00:00]} 41. Qh5 {[%emt 0:16:53]} Bc7 {[%emt 0:17:27]} 42. Kh2 {[%emt 0:01:50]} Qg5 {[%emt 0:03:58]} 43. Qxg5 {[%emt 0:00:42]} fxg5 {[%emt 0:00:01]} 44. Ng4 {[%emt 0:00:15]} Kg7 {[%emt 0:01:54]} 45. Rh6 {[%emt 0:00:19]} a5 {[%emt 0:05:12]} 46. Re6 {[%emt 0:01:44]} Rf7 {[%emt 0:02:33]} 47. Kg3 {[%emt 0:05:53]} h5 {[%emt 0:02:17]} 48. Ne3 {[%emt 0:00:13]} Rf6 {[%emt 0:00:04]} 49. Rxf6 {[%emt 0:00:10]} 1-0